000 00323nam a2200145Ia 4500
003 OSt
005 20240312101317.0
008 170523s9999 xx 000 0 und d
020 _a978-0471396819
040 _ciimtu meerut
100 _aKATZEFF- PAUL
245 0 _aINTERNET INVESTMENT
260 _bWILEY
942 _2ddc
_c02
999 _c1475
_d1475